000 01820nam a2200505 i 4500
001 55010
003 KOSZ 005
005 20210629135551.0
008 071130s2007 pl a f f |000 0 pol
015 _aUWD 2008/13069
020 _a9788372832184
035 _a991038614769705066
035 _a(PL-WaBN)b20337383-48omnis_nlop
035 _ab20337383
035 _a(OCoLC)749797674
035 _azz2007793894
035 _a(PL)b0000002033738
035 _a(EXLNZ-48OMNIS_NETWORK)9910055167905606
040 _aWA N
_cWA N
_dKOSZ 005/HR
046 _k2007
080 _a532
080 _a(075.8)
100 1 _aKazimierski, Zbyszko
_d(1936-2015)
_eAutor
245 1 0 _aRuch wirowy płynów w przyrodzie oraz w maszynach i urządzeniach :
_bzdjęcia satelitarne, eksperymenty i symulacje komputerowe /
_cZbyszko Kazimierski.
260 _aŁódź :
_bWydawnictwo Politechniki Łódzkiej,
_c2007.
300 _a85 s. :
_bil. (w tym kolor.) ;
_c24 cm.
336 _aTekst
_btxt
_2rdacontent
337 _aBez urządzenia pośredniczącego
_bn
_2rdamedia
338 _aWolumin
_bnc
_2rdacarrier
380 _aKsiążki
380 _aPublikacje dydaktyczne
385 _mPoziom nauczania
_aSzkoły wyższe
388 _a2001-
490 1 _aPodręczniki Akademickie / Politechnika Łódzka
504 _aBibliogr. s. 84-85.
650 7 _aMechanika płynów
_2DBN
655 7 _aPodręczniki akademickie
_2DBN
658 _aFizyka i astronomia
658 _aInżynieria i technika
710 2 _aWydawnictwo Politechniki Łódzkiej
_4pbl
830 0 _aPodręczniki Akademickie - Politechnika Łódzka
856 _uhttp://koha.tu.koszalin.pl/cgi-bin/koha/opac-detail.pl?biblionumber=55010
_yKatalog online BPK
942 _2UKD
_cKS
999 _c55010
_d55010